LEADER 01156nam0-2200337---450- 001 990009391400403321 005 20110705115607.0 010 $a88-86247-00-1 035 $a000939140 035 $aFED01000939140 035 $a(Aleph)000939140FED01 035 $a000939140 100 $a20110705d1993----km-y0itay50------ba 101 0 $aita 102 $aIT 105 $aa-------001yy 200 1 $aHaeckel e l'Italia$ela vita come scienza e come storia 210 $aBrugine$cCentro internazionale di storia dello spazio e del tempo$d1993 215 $a146 p.$cill.$d28 cm 225 1 $aBiblioteca di storia della scienza$iSaggi 300 $aCatalogo della mostra itinerante del 1993-1994 300 $aIn testa al front.: Centro internazionale di storia della nozione e della misura dello spazio e del tempo, Brugine (Padova) ; Institut fur Geschichte der 610 0 $aHaeckel, Ernst$aEsposizioni$a1993-1994 676 $a570.92$v19$zita 801 0$aIT$bUNINA$gRICA$2UNIMARC 901 $aBK 912 $a990009391400403321 952 $aI Storia 18$b11341$fDMVSF 959 $aDMVSF 996 $aHaeckel e l'Italia$9764085 997 $aUNINA LEADER 01298nam a22003494i 4500 001 991003275189707536 008 160912s2005 enka 000 0 eng 020 $a0521619467 (pbk.) 035 $ab14307273-39ule_inst 040 $aBibl. Dip.le Aggr. Matematica e Fisica - Sez. Matematica$beng 082 0 $a005.1 084 $aAMS 68Q25 084 $aAMS 68-01 084 $aAMS 68-02 084 $aAMS 68Q10 084 $aAMS 90B18 084 $aLC QA76.9.A43B67 100 1 $aBorodin, Allan$0534960 245 10$aOnline computation and competitive analysis /$cAllan Borodin, Ran El-Yaniv 250 $a1st pbk. ed. 260 $aCambridge [Eng.] ;$aNew York :$bCambridge University Press,$c2005 300 $axviii, 414 p. :$bill ;$c25 cm 650 0$aComputer algorithms 650 0$aComputational complexity 650 0$aMathematical optimization 700 1 $aEl-Yaniv, Ran$eauthor$4http://id.loc.gov/vocabulary/relators/aut$0563957 907 $a.b14307273$b02-11-16$c12-09-16 912 $a991003275189707536 945 $aLE013 68Q BOR12 (2005)$g1$i2013000293325$lle013$op$pE75.00$q-$rl$s- $t0$u4$v2$w4$x0$y.i15785671$z02-11-16 996 $aOnline computation and competitive analysis$9950713 997 $aUNISALENTO 998 $ale013$b12-09-16$cm$da $e-$feng$genk$h0$i0